Top 200 Biggest Cities in the USA - Statistics

General Stats
  • This quiz has been taken 881 times
  • The average score is 111 of 200
Answer Stats
Rank State City % Correct
2 CA Los Angeles
99%
1 NY New York City
99%
3 IL Chicago
98%
9 TX Dallas
97%
4 TX Houston
97%
6 PA Philadelphia
96%
5 AZ Phoenix
96%
16 CA San Francisco
96%
42 FL Miami
94%
8 CA San Diego
94%
18 WA Seattle
94%
11 TX Austin
93%
21 MA Boston
93%
19 CO Denver
93%
7 TX San Antonio
93%
20 DC Washington
93%
158 MS Jackson
92%
27 NV Las Vegas
92%
24 MI Detroit
90%
17 IN Indianapolis
90%
12 FL Jacksonville
90%
26 OR Portland
90%
37 GA Atlanta
89%
25 OK Oklahoma City
89%
23 TN Nashville
88%
50 LA New Orleans
88%
48 FL Tampa
88%
15 NC Charlotte
87%
14 OH Columbus
87%
128 GA Columbus
87%
38 MO Kansas City
87%
169 KS Kansas City
87%
28 TN Memphis
87%
46 MN Minneapolis
87%
10 CA San Jose
87%
71 FL Orlando
86%
53 OH Cleveland
85%
36 CA Sacramento
85%
30 MD Baltimore
84%
64 OH Cincinnati
84%
13 TX Fort Worth
84%
32 NM Albuquerque
83%
22 TX El Paso
83%
31 WI Milwaukee
83%
66 PA Pittsburgh
82%
65 MO St. Louis
82%
29 KY Louisville
81%
56 HI Honolulu
80%
86 NY Buffalo
78%
41 NC Raleigh
78%
33 AZ Tucson
78%
39 CO Colorado Springs
77%
97 VA Richmond
77%
115 UT Salt Lake City
77%
40 NE Omaha
76%
34 CA Fresno
74%
85 NV Reno
74%
63 MN St. Paul
73%
100 LA Baton Rouge
72%
98 ID Boise
72%
45 CA Oakland
72%
47 OK Tulsa
72%
44 VA Virginia Beach
72%
90 NC Winston-Salem
72%
68 NE Lincoln
71%
51 KS Wichita
71%
69 AK Anchorage
69%
109 AL Birmingham
69%
126 AR Little Rock
69%
82 WI Madison
69%
73 NJ Newark
69%
35 AZ Mesa
68%
157 MO Springfield
68%
167 MA Springfield
68%
131 FL Tallahassee
68%
105 IA Des Moines
67%
143 RI Providence
67%
150 OR Salem
67%
200 SC Charleston
65%
43 CA Long Beach
65%
49 TX Arlington
63%
52 CA Bakersfield
63%
80 NJ Jersey City
63%
60 KY Lexington
63%
122 AL Montgomery
63%
76 OH Toledo
62%
55 CA Anaheim
61%
111 NY Rochester
61%
133 AL Mobile
59%
59 TX Corpus Christi
58%
102 CA San Bernardino
58%
99 WA Spokane
58%
134 TN Knoxville
57%
58 CA Riverside
57%
125 OH Akron
56%
142 FL Fort Lauderdale
56%
139 SD Sioux Falls
56%
78 FL St. Petersburg
56%
54 CO Aurora
55%
124 IL Aurora
55%
74 NC Durham
55%
77 IN Fort Wayne
55%
195 OH Dayton
54%
67 NC Greensboro
54%
57 CA Santa Ana
54%
182 GA Savannah
54%
113 MI Grand Rapids
53%
186 NY Syracuse
53%
101 WA Tacoma
53%
123 GA Augusta
52%
89 NV North Las Vegas
52%
140 TN Chattanooga
51%
92 VA Norfolk
51%
72 CA Irvine
50%
84 AZ Scottsdale
50%
118 TX Amarillo
49%
83 TX Lubbock
49%
88 AZ Glendale
48%
119 CA Glendale
48%
62 CA Stockton
48%
152 OR Eugene
47%
61 NV Henderson
47%
70 TX Plano
45%
197 TX Waco
45%
135 LA Shreveport
44%
114 AL Huntsville
43%
136 MA Worcester
43%
138 WA Vancouver
42%
117 NY Yonkers
42%
174 TX Pasadena
41%
192 CA Pasadena
41%
141 TX Brownsville
40%
81 AZ Chandler
40%
79 TX Laredo
40%
183 CT Bridgeport
39%
75 CA Chula Vista
39%
127 AZ Tempe
39%
108 NC Fayetteville
38%
95 TX Irving
38%
91 VA Chesapeake
37%
185 TX McAllen
37%
103 CA Modesto
37%
107 CA Santa Clarita
37%
155 CO Fort Collins
36%
96 FL Hialeah
36%
87 AZ Gilbert
35%
166 FL Hollywood
35%
144 VA Newport News
35%
159 VA Alexandria
33%
93 CA Fremont
33%
168 GA Macon
33%
147 AZ Peoria
33%
94 TX Garland
32%
146 CA Santa Rosa
32%
120 CA Huntington Beach
31%
129 KS Overland Park
31%
110 CA Oxnard
31%
116 TX Frisco
30%
137 CA Ontario
30%
132 FL Cape Coral
28%
198 CA Orange
28%
180 IL Rockford
28%
177 IL Joliet
27%
179 TX Midland
27%
175 IL Naperville
27%
181 NJ Paterson
27%
112 FL Port St. Lucie
27%
154 NC Cary
26%
121 TX McKinney
26%
148 CA Oceanside
26%
163 CA Lancaster
25%
176 WA Bellevue
23%
188 TX Denton
23%
104 CA Fontana
23%
162 CO Lakewood
23%
178 TN Murfreesboro
23%
145 CA Rancho Cucamonga
23%
106 CA Moreno Valley
22%
161 TN Clarksville
21%
130 TX Grand Prairie
21%
194 KS Olathe
21%
156 CA Corona
20%
149 CA Elk Grove
20%
193 TX Mesquite
20%
165 CA Palmdale
20%
171 CA Pomona
20%
164 CA Salinas
20%
173 CA Escondido
19%
172 TX Killeen
19%
151 FL Pembroke Pines
19%
199 CA Fullerton
18%
153 CA Garden Grove
18%
160 CA Hayward
18%
170 CA Sunnyvale
18%
184 CA Torrance
18%
196 TX Carrollton
15%
189 CA Roseville
15%
191 FL Miramar
14%
190 CO Thornton
13%
187 AZ Suprise
5%
No matching quizzes found
Score Distribution
Percent of People with Each Score
Percentile by Number Answered
Your Score History
You have not taken this quiz